00492nam a2200133Ia 4500008004100000100002500041245003100066260006900097300001100166650002100177856006800198999001900266952007300285160712s9999 xx 000 0 und d aPascual, Chuckberry. cChuckberry PascualaSigbin c2015bLikhaan: The Journal of Contemporary Philippine Literature avol. 9 xMAIKLING KUWENTO uhttp://journals.upd.edu.ph/index.php/lik/issue/view/539/showToc c297082d297082 001040aCLbCLd2016-07-12l0r2016-07-12 00:00:00w2016-07-12yFEJ